Datum a čas kvízu
28
Celkem bodů
Celkový počet nahraných bodů na tomto kvízu bez doplňovacích otázek.
3.
Pořadí na kvízu
Konečné umístění týmu na tomto kvízu.
Zaznamenané odpovědi
| # | Otázka | Odpověď | Body | Výsledky |
|---|---|---|---|---|
| 1. | Příslušníci jisté profese se v... | popeláři | 1 | |
| 2. | Parašutista Nicolas Scarabrin... | oko jehly | 0 | |
| 3. | TV Prima minulý týden představ... | Asia Express | 0 | |
| 4. | Který známý šéfkuchař oznámil... | Emanuele Ridi | 1 | |
| 5. | Hokejový útočník Ondřej Palát... | New York Islanders | 0 | |
| 6. | Na obrázku níže můžete vidět d... | Drákula a Frankenstein | 1 | |
| 7. | Co by to bylo za hororové téma... | D | 1 | |
| 8. | Ze které (převážně videoherní)... | Silent Hill | 1 | |
| 9. | Přiřaďte herce a herečky k jej... | 1D 2A 3B 4C | 1 | |
| 10. | Čím je inspirován česko-americ... | D | 1 |